| 000 | 00629nam a22001457a 4500 | ||
|---|---|---|---|
| 020 | _a978-1-4424-2297-1 | ||
| 082 |
_a823 _bKEE/N |
||
| 100 | _aKEENE, CAROLYN | ||
| 245 | _aNANCY DREW - MYSTERY AT MALACHITE MANSION | ||
| 260 |
_aNEW YORK _bALADDIN PAPERBACKS _c2011 |
||
| 300 | _a137 | ||
| 520 | _aNancy Drew and her friends aren't having the most restful Malibu vacation. After noticing pollution on the shores of their beautiful beachfront condo, they check into the shady "holistic spa" next door to investigate a motivational guru who could be tied to ocean garbage dumping! | ||
| 650 |
_aMYSTERY _zUNITED STATES |
||
| 942 | _cBK | ||
| 999 |
_c7894 _d7894 |
||